Агнес Грей. Незнакомка из Уайлдфелл-холла: романы; стихотворения; пер. с англ.

Dades bibliogràfiques
Autor principal: Бронте Э. Энн
Altres autors: Михальская Н. (автор предисловия), Игнатьев Ю. (иллюстратор)
Idioma:rus
Publicat: Москва, Художественная литература, 1990
Col·lecció:Сестры Бронте Кн. 2
Matèries:
Format: MixedMaterials Llibre
KOHA link:https://koha.lib.tpu.ru/cgi-bin/koha/opac-detail.pl?biblionumber=157630

MARC

LEADER 00000nam0a2200000 4500
001 157630
005 20231031153937.0
010 |a 5280012084 
020 |a RU  |b 90-54252 
035 |a (RuTPU)RU\TPU\book\170986 
090 |a 157630 
100 |a 20090410d1990 m y0rusy5003 ca 
101 1 |a rus 
102 |a RU 
105 |a y z 000ay 
200 1 |a Агнес Грей. Незнакомка из Уайлдфелл-холла  |e романы; стихотворения   |e пер. с англ.  |f Э. Бронте  |g авт. предисл. Н. Михальская ; худож. Ю. Игнатьев 
210 |a Москва  |c Художественная литература  |d 1990 
215 |a 527 с.  |c ил.  |d 22 см 
225 1 |a Сестры Бронте  |v Кн. 2 
610 1 |a английская литература 
610 1 |a романы 
610 1 |a стихотворения 
675 |a 82  |z rus 
700 1 |a Бронте  |b Э.  |g Энн  |4 070 
702 1 |a Михальская  |b Н.  |4 080 
702 1 |a Игнатьев  |b Ю.  |4 440 
801 0 |a RU  |b RuMRKP  |c 19950417  |g psbo 
801 1 |a RU  |b 63413507  |c 20090410  |g PSBO 
801 2 |a RU  |b 63413507  |c 20131031  |g PSBO 
942 |c BK